| 000 | 00971nam a2200265Ia 4500 | ||
|---|---|---|---|
| 003 | OSt | ||
| 005 | 20220930190142.0 | ||
| 006 | a|||||r|||| 00| 0 | ||
| 007 | ta | ||
| 008 | 220926b |||||||| |||| 00| 0 hin d | ||
| 020 |
_a9788183612074 (pbk) _c75 |
||
| 024 | _a96807 | ||
| 037 |
_b577, 23/03/2009, Vani Prakashan _cTextbook |
||
| 040 |
_aCRL _cCRL _bhin |
||
| 041 |
_2hin _ahin |
||
| 082 | _aO152,1I00:g, K5 | ||
| 100 | _aस्नातक, विजयेन्द्र, संपा. | ||
| 245 | 0 | _aकबीर | |
| 246 | _aJnyān sianha ‘shātira’ | ||
| 260 |
_aनई दिल्ली, _bराधाकृष्ण, भारत _c1965 |
||
| 300 |
_a248पृ0 _ccm. |
||
| 490 | _aराधाकृष्ण मूल्यांकन - माला | ||
| 942 |
_hO152,1I00:g, K5 _cTB _2CC |
||
| 999 |
_c891677 _d891677 |
||